01422nam a22001937a 450000500170000000800410001702000180005804000070007604100080008308200200009110000140011124500260012526000400015130000240019136500600021552109250027565000120120070000160121220211029094553.0211026b ||||| |||| 00| 0 eng d a9781982181949 cAl aEng 223a813.6bTHOB aBrad Thor aBlack icebA thriller aNew YorkbEmily Bestler Booksc2021 a325p.bPBc24x15cm. aBLCR-000062b₹479.20c₹d₹599.00e20%f04-10-2021 aScot Harvath is having his best summer ever. With a cottage on the fjord, a boat, and his beautiful girlfriend Sølvi, he’s got everything he could possibly want. But out of vacation days and long overdue back home, America’s top spy has a decision to make—return, or submit his resignation. When his deadly past comes calling, though, he’ll be left with no choice at all. Leaving his favorite Oslo café, Harvath watches as a ghost climbs out of a taxi—a man he killed years ago, halfway around the world. How is he still alive? And what is he doing in Norway? In a race against time that will take him high above the Arctic Circle, Harvath will be tested in ways he has never imagined and pushed to a limit few human beings could ever endure. If he succeeds, he’ll walk away with everything. If he fails, the United States and its allies will be at the mercy of one of the world’s most dangerous actors. aFiction aTHOR (Brad)